logo club de foot - Statistiques

Statistiques générales
  • Ce quiz a été pris 1 178 fois
  • Le résultat moyen est 10 sur 12
Statistiques - réponses
Par images Réponse % Correct
Paris
100%
Barcelone
99%
Juventus
98%
Real madrid
97%
Liverpool
95%
Bayern munich
90%
Roma
90%
Benfica
82%
Galatasaray
76%
Leicester
76%
Santos
62%
Nottingham Forest
58%
Aucun quiz correspondant
Distribution des résultats
% des personnes avec chaque résultat
Percentile par nombre de réponses
Votre historique - résultats
Vous n’avez pas pris ce quiz